Länder mit den meisten Handynutzern - Statistiken

Allgemein
  • Dieses Quiz wurde 327 mal gespielt
  • Das Durchschnittsergebnis liegt bei 23 aus 30
Antwortstatistiken
Platz Land Anzahl % Korrekt
8. Deutschland 64,83 Mio.
100%
1. China 782,85 Mio.
99%
3. Vereinigte Staaten 251,69 Mio.
99%
4. Russland 91,87 Mio.
96%
17. Frankreich 32,6 Mio.
94%
7. Japan 70,33 Mio.
93%
2. Indien 374,89 Mio.
91%
15. Italien 34,39 Mio.
91%
16. Spanien 33,63 Mio.
90%
5. Brasilien 87,17 Mio.
89%
23. Kanada 26,64 Mio.
88%
19. Mexiko 59,6 Mio.
84%
10. Vereinigtes Königreich 54,71 Mio.
82%
25. Polen 24,37 Mio.
81%
14. Südkorea 34,56 Mio.
81%
18. Türkei 31,06 Mio.
80%
27. Argentinien 20,98 Mio.
78%
26. Ukraine 21,28 Mio.
74%
20. Ägypten 27,85 Mio.
72%
6. Indonesien 73,16 Mio.
70%
28. Südafrika 20,37 Mio.
67%
19. Thailand 30,22 Mio.
64%
11. Iran 53,2 Mio.
63%
29. Kolumbien 19,67 Mio.
56%
13. Vietnam 36,34 Mio.
56%
21. Pakistan 27,73 Mio.
55%
24. Nigeria 25,55 Mio.
53%
22. Bangladesch 26,83 Mio.
48%
12. Philippinen 47,86 Mio.
48%
30. Malaysia 18,44 Mio.
42%
Keine übereinstimmenden Quizze gefunden
Verteilung der Resultate
Anzahl Personen mit jedem Resultat
Perzentil nach korrekt beantworteten Fragen
Ihre Resultats-Entwicklung
Sie haben dieses Quiz noch nicht gespielt